Normal view
MARC view
Entry Personal Name
001 - CONTROL NUMBER
- control field: 1236479
003 - CONTROL NUMBER IDENTIFIER
- control field: OSt
005 - DATE AND TIME OF LATEST TRANSACTION
- control field: 20260430150114.0
008 - FIXED-LENGTH DATA ELEMENTS
- fixed length control field: 260430|| aca||aabn | a|a d
040 ## - CATALOGING SOURCE
- Original cataloging agency: OSt
- Transcribing agency: OSt
100 ## - HEADING--PERSONAL NAME
- Personal name: Arora Bhavya Au.; Sharma R.K. Gu
670 ## - SOURCE DATA FOUND
- Source citation: Work cat.: (OSt)1848961: Arora Bhavya Au.; Sharma R.K. Gu., Design & Synthesis of Recycable Magnetic Hallosite Nanotubes and Ferrite Supported Catalysts: Applications in the Degradation of Emerging contaminatis and Organic Transformations, 2022
